Movies Quiz

Random Movies or Letter Quiz

Best Picture: Last 3 Letters 1 Quiz Stats

 Plays Quiz not verified by Sporcle

Challenge
Share
Tweet
Embed
Score 0/20 Timer 06:00
0 Plays Today
Hint Answer % Correct
HURBen-Hur
85.4%
DHIGandhi
79.9%
RGOArgo
79.1%
UMPForrest Gump
72.8%
EVEAll About Eve
70.8%
OONPlatoon
66.2%
ABYMillion Dollar Baby
62.6%
AGOChicago
61.3%
IGIGigi
57.7%
WAIThe Bridge on the River Kwai
54%
Hint Answer % Correct
NICTitanic
53.6%
MBSThe Silence of the Lambs
51.7%
NCACasablanca
48%
SICThe Sound of Music
46%
UTYAmerican Beauty
45.7%
KERThe Hurt Locker
33.7%
CCARebecca
30.2%
YOUYou Can't Take It with You
28.5%
WAYGoing My Way
27.7%
BOYMidnight Cowboy
24.3%

You're not logged in!

Compare scores with friends on all Sporcle quizzes.
OR
Log In

You Might Also Like...

Show Comments

Extras

Editor's Pick Oct 29, 2014ReportNominate
Tags:Letter Quiz, last, three

Top Quizzes Today


Score Distribution

Your Account Isn't Verified!

In order to create a playlist on Sporcle, you need to verify the email address you used during registration. Go to your Sporcle Settings to finish the process.

Report this User

Report this user for behavior that violates our Community Guidelines.

Details: